| 000 | 01194nam0a22002531 4500 | ||
|---|---|---|---|
| 001 | rc\2692614 | ||
| 005 | 20260407030643.0 | ||
| 035 | _a(NLR Aleph) 006820851 | ||
| 090 |
_a6441896 _c6441896 |
||
| 100 | _a20110915d1933 |||y0rusy50 ca | ||
| 101 | 0 | _arus | |
| 102 | _aRU | ||
| 105 | _aa z ||||| | ||
| 200 | 1 |
_aРуководство по сборке и уходу за пароконной наклонно-подъемной косилкой "Новый идеал" государственного Люберецкого завода сельскохозяйственного машиностроения им. Ухтомского _fНКТП СССР... |
|
| 210 |
_a[Москва] _cГосмашметиздат _d1933 _gтипо-лит. им. Воровского |
||
| 215 |
_aОбл., 24 с. _cил. _d20х13 см. |
||
| 710 | 0 | 2 |
_a"Союзсельмаш", всесоюзное об-ние _9522913 _3RU\NLR\AUTH\8810012543 |
| 712 | 0 | 2 | _aГосударственный Люберецкий завод с.-х. машин им. Ухтомского |
| 801 | 0 |
_aRU _bNLR _gpsbo |
|
| 801 | 1 |
_aRU _bELAR _2rusmarc |
|
| 852 |
_aNLR _j33-10/2045 |
||
| 942 | _cBOOK | ||
| 980 | _aNB | ||